Medical aspects of disability : (Record no. 774)

000 -LEADER
fixed length control field 01462nam a22004097a 4500
001 - CONTROL NUMBER
control field 2144958
003 - CONTROL NUMBER IDENTIFIER
control field OSt
005 - DATE AND TIME OF LATEST TRANSACTION
control field 20210422053126.0
008 - FIXED-LENGTH DATA ELEMENTS--GENERAL INFORMATION
fixed length control field 981103s1999 nyua b 001 0 eng c
010 ## - LIBRARY OF CONGRESS CONTROL NUMBER
LC control number 98050679
020 ## - INTERNATIONAL STANDARD BOOK NUMBER
International Standard Book Number 0826179711
040 ## - CATALOGING SOURCE
Original cataloging agency DNLM/DLC
Transcribing agency DLC
Modifying agency DLC
050 00 - LIBRARY OF CONGRESS CALL NUMBER
Classification number RM930
Item number .M42 1999
060 10 - NATIONAL LIBRARY OF MEDICINE CALL NUMBER
Classification number WB 320
Item number M48872 1999
080 ## - UNIVERSAL DECIMAL CLASSIFICATION NUMBER
Universal Decimal Classification number 61
Item number E-41
082 00 - DEWEY DECIMAL CLASSIFICATION NUMBER
Classification number 617/.03
Edition number 21
245 00 - TITLE STATEMENT
Title Medical aspects of disability :
Remainder of title a handbook for the rehabilitation professional /
Statement of responsibility, etc. Myron G. Eisenberg, Robert L. Glueckauf, Herbert H. Zaretsky, editors.
250 ## - EDITION STATEMENT
Edition statement 2nd ed.
260 ## - PUBLICATION, DISTRIBUTION, ETC.
Place of publication, distribution, etc. New York, NY :
Name of publisher, distributor, etc. Springer Pub. Co.,
Date of publication, distribution, etc. c1999.
300 ## - PHYSICAL DESCRIPTION
Extent xxiii, 718 p. :
Other physical details ill. ;
Dimensions 24 cm.
490 1# - SERIES STATEMENT
Series statement Springer series on rehabilitation
504 ## - BIBLIOGRAPHY, ETC. NOTE
Bibliography, etc. note Includes bibliographical references and index.
650 #0 - SUBJECT ADDED ENTRY--TOPICAL TERM
Topical term or geographic name entry element Medical rehabilitation.
650 #0 - SUBJECT ADDED ENTRY--TOPICAL TERM
Topical term or geographic name entry element Chronic diseases.
650 #0 - SUBJECT ADDED ENTRY--TOPICAL TERM
Topical term or geographic name entry element Disability evaluation.
650 12 - SUBJECT ADDED ENTRY--TOPICAL TERM
Topical term or geographic name entry element Disabled Persons
General subdivision rehabilitation.
650 22 - SUBJECT ADDED ENTRY--TOPICAL TERM
Topical term or geographic name entry element Disability Evaluation.
650 22 - SUBJECT ADDED ENTRY--TOPICAL TERM
Topical term or geographic name entry element Rehabilitation
General subdivision methods.
653 ## - INDEX TERM--UNCONTROLLED
Uncontrolled term მედიცინა
700 1# - ADDED ENTRY--PERSONAL NAME
Personal name Eisenberg, Myron G.
700 1# - ADDED ENTRY--PERSONAL NAME
Personal name Glueckauf, Robert L.
700 1# - ADDED ENTRY--PERSONAL NAME
Personal name Zaretsky, Herbert H.
830 #0 - SERIES ADDED ENTRY--UNIFORM TITLE
Uniform title Springer series on rehabilitation (Unnumbered)
906 ## - LOCAL DATA ELEMENT F, LDF (RLIN)
a 7
b cbc
c orignew
d 1
e ocip
f 19
g y-gencatlg
942 ## - ADDED ENTRY ELEMENTS (KOHA)
Source of classification or shelving scheme
Koha item type Books
Holdings
Withdrawn status Lost status Source of classification or shelving scheme Damaged status Not for loan Permanent location Current location Date acquired Inventory number Total Checkouts Full call number Barcode Date last seen Price effective from Koha item type
          Ken Walker International University Ken Walker International University 12/21/2020 2213   61 E-41 2213 12/21/2020 12/21/2020 Books

Powered by Koha